[Event "Chess House GM December 2019"]
[Site "Aarhus"]
[Date "2019.12.14"]
[Round "5.5"]
[White "Vinter-Schou, Uffe"]
[Black "Jacobsen, Mikkel Manosri"]
[Result "0-1"]
[WhiteElo "2359"]
[BlackElo "2348"]
[Annotator "RC"]
[PlyCount "118"]
[EventDate "2019.12.11"]
[EventType "tourn"]
[EventCountry "DEN"]
[SourceTitle "playchess.com"]
[Source "ChessBase"]
[SourceQuality "1"]
[TimeControl "40/5400+30:1800+30"]

1. e4 {[%emt 0:00:00]} c5 {[%emt 0:00:00]} 2. Nf3 {[%emt 0:00:00]} Nf6 {[%emt 0:00:00]} 3. Nc3 {[%emt 0:00:23]} d5 {[%emt 0:00:00]} 4. e5 {[%emt 0:00:37]} Nfd7 {[%emt 0:00:08]} 5. d4 {[%emt 0:21:06]} e6 {[%emt 0:00:37]} 6. Ne2 {[%emt 0:16:21]} b6 {[%emt 0:06:44]} 7. c3 {[%emt 0:00:49]} Ba6 {[%emt 0:00:34]} 8. g3 {[%emt 0:03:23]} Nc6 {[%emt 0:08:48]} 9. Bg2 {[%emt 0:07:08]} cxd4 {[%emt 0:01:16]} 10. cxd4 {[%emt 0:00:09]} Nb4 {[%emt 0:00:22]} 11. O-O {[%emt 0:01:03]} Qc8 {[%emt 0:00:14]} 12. Ne1 {[%emt 0:11:51]} Qc4 {[%emt 0:07:23]} 13. Bf3 {[%emt 0:00:08]} Rc8 {[%emt 0:00:17]} 14. a3 {[%emt 0:04:37]} Nc6 {[%emt 0:09:46]} 15. b3 {[%emt 0:05:33]} Qb5 {[%emt 0:00:13]} 16. Ra2 {[%emt 0:10:16]} Nxd4 {[%emt 0:02:37]} 17. Qxd4 {[%emt 0:01:24]} Rxc1 {[%emt 0:00:07]} 18. a4 {[%emt 0:02:45]} Qc5 {[%emt 0:01:08]} 19. Qf4 {[%emt 0:01:52]} Rd1 {[%emt 0:02:16]} 20. Nc2 {[%emt 0:03:51]} Rxf1+ {[%emt 0:00:16]} 21. Kxf1 {[%emt 0:00:01]} Qc7 {[%emt 0:00:29]} 22. Ncd4 {[%emt 0:01:05]} Qxe5 {[%emt 0:00:25]} 23. Qd2 {[%emt 0:00:40]} Bc5 {[%emt 0:02:00]} 24. Kg2 {[%emt 0:00:04]} O-O {[%emt 0:02:07]} 25. Nb5 {[%emt 0:01:20]} Qb8 {[%emt 0:01:34]} 26. b4 {[%emt 0:01:36]} Be7 {[%emt 0:01:20]} 27. Ned4 {[%emt 0:00:08]} Rc8 {[%emt 0:02:02]} 28. Qe3 {[%emt 0:02:47]} Ne5 {[%emt 0:04:15]} 29. Be2 {[%emt 0:00:16]} Bf6 {[%emt 0:01:22]} 30. f4 {[%emt 0:00:57]} Nc4 {[%emt 0:00:54]} 31. Qf2 {[%emt 0:00:36]} g6 {[%emt 0:02:14]} 32. Bg4 {[%emt 0:00:15]} Nd6 {[%emt 0:05:55]} 33. Rc2 {[%emt 0:02:41]} Nxb5 {[%emt 0:02:22]} 34. Nc6 {[%emt 0:00:43]} Qb7 {[%emt 0:02:03]} 35. axb5 {[%emt 0:00:01]} Bxb5 {[%emt 0:00:09]} 36. Ne5 {[%emt 0:00:08]} Rxc2 {[%emt 0:00:40]} 37. Qxc2 {[%emt 0:00:02]} Be8 {[%emt 0:01:03]} 38. Be2 {[%emt 0:00:21]} Bxe5 {[%emt 0:00:49]} 39. fxe5 {[%emt 0:00:02]} a5 {[%emt 0:00:39]} 40. b5 {[%emt 0:00:18]} Bd7 {[%emt 0:02:03]} 41. h4 {[%emt 0:07:19]} Qc8 {[%emt 0:00:28]} 42. Qd2 {[%emt 0:00:05]} a4 {[%emt 0:02:14]} 43. h5 {[%emt 0:02:46]} a3 {[%emt 0:01:07]} 44. h6 {[%emt 0:01:37]} Qf8 {[%emt 0:03:52]} 45. Bd3 {[%emt 0:02:35]} f6 {[%emt 0:01:40]} 46. Qc3 {[%emt 0:02:41]} Qc5 {[%emt 0:00:26]} 47. Qd2 {[%emt 0:02:19]} Bxb5 {[%emt 0:01:05]} 48. exf6 {[%emt 0:02:57]} Bxd3 {[%emt 0:01:06]} 49. f7+ {[%emt 0:00:35]} Kxf7 {[%emt 0:00:12]} 50. Qxd3 {[%emt 0:00:59]} a2 {[%emt 0:05:22]} 51. Qf1+ {[%emt 0:01:25]} Ke7 {[%emt 0:00:14]} 52. Qa6 {[%emt 0:00:41]} Qa5 {[%emt 0:04:06]} 53. Qb7+ {[%emt 0:00:06]} Kd6 {[%emt 0:00:04]} 54. Qb8+ {[%emt 0:00:38]} Kc6 {[%emt 0:01:24]} 55. Qe8+ {[%emt 0:02:18]} Kb7 {[%emt 0:00:36]} 56. Qd7+ {[%emt 0:00:26]} Ka6 {[%emt 0:00:07]} 57. Qc8+ {[%emt 0:00:10]} Kb5 {[%emt 0:00:05]} 58. Qe8+ {[%emt 0:00:13]} Kb4 {[%emt 0:00:16]} 59. Qf8+ {[%emt 0:00:51]} Kb3 {[%emt 0:00:05]} 0-1

[Event "Chess House GM December 2019"]
[Site "Aarhus"]
[Date "2019.12.15"]
[Round "6.1"]
[White "Thybo, Jesper Sondergaard"]
[Black "Vinter-Schou, Uffe"]
[Result "1/2-1/2"]
[WhiteElo "2576"]
[BlackElo "2359"]
[Annotator "TA"]
[PlyCount "102"]
[EventDate "2019.12.11"]
[EventType "tourn"]
[EventCountry "DEN"]
[SourceTitle "playchess.com"]
[Source "ChessBase"]
[SourceQuality "1"]

{[%evp 11,102,66,85,8,19,16,16,12,15,0,3,0,26,-2,53,27,18,0,98,41,33,40,52,39,41,40,53,57,35,39,63,60,49,43,37,36,204,-90,0,-137,-131,-128,210,-32,-37,-23,-30,-33,-27,-343,-343,-338,-358,-333,-240,-212,-8,-8,-8,-1776,-8,-8,-8,-8,0,-3,-8,-125,0,0,0,0,0,0,0,0,15,15,15,15,15,15,15,15,15,15,15,15,22,15,15,15,15]} 1. d4 g6 2. e4 Bg7 3. c4 c5 4. Nf3 Qa5+ 5. Nc3 Nc6 6. d5 Nd4 7. Be3 $146 {A40: Unusual replies to 1 d4} ({Better is} 7. Rb1 $16) ({Predecessor:} 7. Bd2 Nxf3+ 8. Qxf3 d6 9. Bd3 Nf6 10. O-O O-O 11. Qg3 b5 12. cxb5 a6 13. a4 Qb4 14. Qf4 Qd4 15. Be2 axb5 16. axb5 Bb7 17. h3 {½-½ (31) Artemiev,V (2703)-Zvjaginsev,V (2644) Cheliabinsk 2018}) 7... Nxf3+ $11 8. gxf3 d6 9. Qd2 a6 10. Rb1 Bd7 11. a3 Rb8 12. Nd1 Qa4 (12... Qc7 $11) 13. Bd3 Qb3 14. O-O Bd4 (14... Bh3 $11) 15. Re1 (15. Bxd4 $16 cxd4 16. Be2) 15... Nf6 $14 16. Nc3 Bxe3 17. Qxe3 {Threatens to win with e5.} O-O 18. e5 Nh5 19. Qh6 Ng7 20. exd6 exd6 21. Ne4 $36 {[%mdl 2048] White threatens Nf6+! and mate. White is pushing.} f6 22. Re3 Qb6 23. Rbe1 Rbe8 $2 (23... Nf5 $2 24. Nxf6+ $1 {[%mdl 512]} Rxf6 25. Bxf5 $18) (23... Bf5 $14) 24. Qh4 $2 (24. f4 $1 $18 {[%cal Rf4f5] f5! is the strong threat.} Rd8 25. Nxf6+ $1 {[%mdl 512]} Rxf6 26. Re7 Rf7 27. Rxf7 Kxf7 28. Re7+ $1 {[%mdl 576] Deflection, Decoy} (28. Qxh7 Bf5 $11) 28... Kxe7 29. Qxg7+ Ke8 30. Qh8+ Kf7 31. Qxh7+ {[%mdl 64] Double Attack} Kf8 32. Bxg6 Be6 33. dxe6 Rd7 34. e7+ $1 {[%mdl 512]} Rxe7 35. Qh8#) 24... Nh5 (24... Qxb2 $17 25. Nxd6 Rxe3 26. fxe3 Qxa3) 25. b4 (25. R1e2 $11 {keeps the balance.}) 25... cxb4 $17 26. axb4 {[#]} Kg7 $2 {[%mdl 8192]} (26... Qxb4 27. Rb1 $11) (26... Qd4 $1 $17 {keeps the pressure on. Hoping for ...f5.} 27. f4 f5) 27. c5 $2 (27. Ng3 $18 Rxe3 28. Rxe3 (28. Nxh5+ gxh5 29. Rxe3 Qd8 $18)) 27... Qxb4 $15 28. Rb1 Qa4 29. Rxb7 dxc5 $1 {Strongly threatening ...Rf7.} 30. Bb5 $2 {[%mdl 8192]} (30. Qh3 $11 {and White has nothing to worry.} Rf7 31. Qf1 (31. Nxc5 Bxh3 32. Rxf7+ Kxf7 $15)) 30... axb5 $19 31. Rxd7+ Kh8 32. Kg2 {Nxf6! would kill now.} Qd4 {White must now prevent ...f5.} 33. Ra3 {Threatening mate with Raa7.} f5 $2 (33... Ra8 $19 34. Rxa8 Rxa8) 34. Raa7 $11 fxe4 35. Rxh7+ Kg8 36. Rxh5 $1 exf3+ 37. Kg3 Qxh4+ ({Inferior is} 37... gxh5 38. Qg5+ Kh8 39. Qxh5+ Kg8 40. Qh7#) 38. Rxh4 {[%mdl 4096] Endgame KRR-KRR} Rf7 39. Rh8+ (39. Ra6 $1 $11 {remains equal.}) 39... Kg7 {[#]} (39... Kxh8 $17 40. Rxf7 Rd8 41. Kxf3 Rxd5) 40. Rh7+ $1 {[%mdl 512] The position is equal.} Kxh7 $1 41. Rxf7+ {KR-KR} Kh6 {Black wants to play ...Rd8.} 42. Rc7 c4 43. Rb7 c3 {aiming for ...Rc8.} 44. Rxb5 Rc8 {( -> ...c2)} 45. Rb1 Kg5 46. d6 Kf5 47. d7 Rd8 48. Rc1 Rxd7 {And now ...Rd3 would win.} 49. Rxc3 Rd4 50. Rc5+ Kf6 51. Kxf3 g5 {Accuracy: White = 44%, Black = 57%.} 1/2-1/2

[Event "Chess House GM December 2019"]
[Site "Aarhus"]
[Date "2019.12.15"]
[Round "6.2"]
[White "Danielsen, Henrik"]
[Black "Pakleza, Zbigniew"]
[Result "1/2-1/2"]
[WhiteElo "2500"]
[BlackElo "2503"]
[Annotator "TA"]
[PlyCount "83"]
[EventDate "2019.12.11"]
[EventType "tourn"]
[EventCountry "DEN"]
[SourceTitle "playchess.com"]
[Source "ChessBase"]
[SourceQuality "1"]

{[%evp 15,83,21,29,5,11,0,42,0,0,-2,18,23,13,20,10,0,18,-8,37,33,53,39,62,64,88,93,111,113,113,104,115,106,101,80,108,102,114,120,175,172,325,245,253,137,156,156,156,156,156,156,163,156,156,164,324,259,261,231,419,425,408,377,341,308,462,302,1767,1719,1814,1706]} 1. Nf3 d5 2. g3 Nf6 3. Bg2 g6 4. c4 c6 5. b3 Bg7 6. Bb2 O-O 7. O-O Re8 8. d4 Bf5 9. Nbd2 $146 {D78: Fianchetto Grünfeld: 6 0-0 c6} (9. e3 Nbd7 10. Qe2 Ne4 11. Rd1 Bg4 12. h3 Bxf3 13. Bxf3 e6 14. Bg2 Qe7 15. Nd2 Nxd2 16. Qxd2 Nf6 {½-½ (34) Dubov,D (2699)-Paravyan,D (2605) Moscow 2019}) 9... a5 10. e3 Ne4 11. Qe2 {White is slightly better.} (11. Nh4 {seems wilder.} Nxd2 12. Qxd2 Bg4 13. Rfc1 e6 14. h3) 11... a4 {Threatening ...a3.} 12. bxa4 Rxa4 (12... e6 {keeps more tension.} 13. Rfc1 Rxa4 14. Qd1 Ra8 15. a4 Nd7) 13. cxd5 cxd5 14. Nxe4 Bxe4 15. Rfc1 Nc6 16. Bf1 Ra7 17. a4 h6 18. Qd1 Bf5 19. Ne5 Nxe5 20. dxe5 Be6 21. Bb5 Rf8 22. Qc2 Ra8 23. Qc7 $36 {[%mdl 2048] Keeping Black busy.} Rb8 24. Bd4 Qxc7 25. Rxc7 Rfc8 26. Rac1 Rxc7 (26... f6 $16) 27. Rxc7 $18 Rc8 $2 (27... h5 28. Rxe7 Bh3) 28. Rxe7 Bh3 29. Re8+ (29. f3 $18) 29... Bf8 {[#] ( -> ...Rc1+)} 30. Rxc8 Bxc8 $16 {[%mdl 4096] Endgame KBB-KBB} 31. f3 Bb4 32. g4 Kf8 33. Kf1 Ke7 34. Ke2 g5 $2 {[#]} (34... Be6 {keeps fighting.} 35. Kd3 Bc8) 35. Kd3 Be6 36. Kc2 Kd8 $2 (36... Kf8 {might work better.} 37. h3 h5) 37. Bb6+ $18 Kc8 38. Kd3 Ba3 39. h3 Bb2 (39... Bd7 {was necessary.} 40. f4 Bb2) 40. Bd4 Bxd4 $2 (40... Ba3 41. Bb6 Bd7) 41. Kxd4 Kc7 42. f4 {[%mdl 32768] Accuracy: White = 57%, Black = 25%. . An unexpected result.} 1/2-1/2

[Event "Chess House GM December 2019"]
[Site "Aarhus"]
[Date "2019.12.15"]
[Round "6.3"]
[White "Smith, Axel"]
[Black "Olsen, Filip Boe"]
[Result "1/2-1/2"]
[WhiteElo "2470"]
[BlackElo "2341"]
[Annotator "TA"]
[PlyCount "79"]
[EventDate "2019.12.11"]
[EventType "tourn"]
[EventCountry "DEN"]
[SourceTitle "playchess.com"]
[Source "ChessBase"]
[SourceQuality "1"]

{[%evp 25,79,15,6,9,16,13,14,0,122,37,49,18,26,17,37,-20,27,11,55,0,0,0,0,0,0,0,35,22,29,0,0,0,0,0,12,3,14,-9,0,0,0,-50,0,0,0,0,0,0,0,0,0,0,0,0,0,0]} 1. c4 Nf6 2. Nc3 e6 3. Nf3 d5 4. d4 c6 5. e3 Nbd7 6. Bd3 dxc4 7. Bxc4 b5 8. Bd3 Bb7 9. e4 b4 10. Na4 c5 11. e5 Nd5 12. O-O cxd4 13. Re1 Be7 14. Nxd4 {D47: Semi-Slav: Meran System} Rc8 (14... O-O 15. Qg4 Re8 16. Bb5 Kh8 17. Bd2 Rc8 18. a3 a6 19. Bd3 bxa3 20. bxa3 Nc5 21. Nxc5 Bxc5 {1-0 (65) Riazantsev,A (2686)-Shirov,A (2749) Plovdiv 2010}) 15. Qg4 Kf8 $1 16. Bd2 Qa5 $146 {[#]} (16... N7b6 $11 {remains equal.} 17. Nxb6 Qxb6) ({Predecessor:} 16... a6 17. Rad1 Qa5 18. b3 Nc5 19. Nxc5 Bxc5 20. Nxe6+ fxe6 21. Qxe6 {0-1 (35) Romanos,T (2093)-Paszewski,M (2274) Anogia 2018}) 17. b3 (17. a3 $1 $16) 17... Nc3 18. Qg3 Nxa4 19. bxa4 Nc5 20. Nb3 (20. Nb5 $14) 20... Nxb3 21. axb3 h5 22. Be4 (22. h4 $14) 22... Bxe4 $11 23. Rxe4 Qd5 24. Qe3 $1 a5 25. Rd4 Qb7 26. Qd3 g6 27. Rd7 Rc7 $36 {[%mdl 2048] Black has good play.} 28. Rxc7 Qxc7 29. Be3 Kg7 30. Rc1 $1 {[%cal Rc1c7]} Rd8 31. Qe2 Qb7 32. h3 Qd5 33. Qb2 Qd3 34. Rc7 {The position is equal.} Qd1+ 35. Kh2 Bh4 36. Rc4 Be7 37. Rc7 Bh4 38. Rc1 Qd3 39. Rc4 Be7 40. Rc7 {Accuracy: White = 59%, Black = 34%.} 1/2-1/2

[Event "Chess House GM December 2019"]
[Site "Aarhus"]
[Date "2019.12.15"]
[Round "6.4"]
[White "Jacobsen, Mikkel Manosri"]
[Black "Svane, Frederik"]
[Result "0-1"]
[WhiteElo "2348"]
[BlackElo "2398"]
[Annotator "TA"]
[PlyCount "54"]
[EventDate "2019.12.11"]
[EventType "tourn"]
[EventCountry "DEN"]
[SourceTitle "playchess.com"]
[Source "ChessBase"]
[SourceQuality "1"]

{[%evp 13,54,31,25,-26,-11,-55,-20,-72,-70,-64,-77,-77,-78,-81,-64,-133,-115,-118,-131,-117,-126,-156,-103,-117,-106,-195,-199,-225,0,-271,-258,-296,-217,-283,-243,-325,-323,-557,-517,-539,-529,-1083,-1060]} 1. d4 Nf6 2. c4 g6 3. h4 Bg7 4. Nc3 d6 5. e4 c5 6. d5 O-O 7. Be2 e6 8. Be3 {E73: King's Indian: Averbakh Variation without 6...c5} ({White should try} 8. h5) (8. h5 exd5 9. exd5 Re8 10. h6 Bh8 11. Bg5 Qb6 12. b3 Qa5 13. Bd2 Qd8 14. Kf1 Ne4 15. Nxe4 Rxe4 16. Rc1 {½-½ (39) Grischuk,A (2766)-Vachier Lagrave,M (2775) Paris 2019}) 8... exd5 $11 9. cxd5 b5 $146 ({Predecessor:} 9... Re8 10. Qc2 Na6 11. a3 Nc7 12. h5 b5 13. hxg6 fxg6 14. Bg5 Bd7 15. f3 b4 {1-0 (36) Palider,P (2117)-Miklas,M (2186) Slovakia 2008}) 10. Bxb5 (10. e5 $1 $11 Ne8 11. Nf3 (11. Bxb5 Bxe5 12. Bh6 Bg7 $11)) 10... Nxe4 $17 11. Nxe4 Qa5+ {[%mdl 64] Double Attack} 12. Nc3 Bxc3+ 13. bxc3 {Hoping for Qb3.} Qxb5 14. h5 ({Better is} 14. Qb3 $15 Qa5 15. Nf3) 14... Ba6 {Threatens to win with ...Qf1+.} 15. Nf3 Nd7 $1 16. Rc1 Nb6 17. Ng5 Nxd5 (17... Nc4 $142 {Strongly threatening ...Rae8.} 18. a4 Qe8) 18. c4 Nxe3 19. fxe3 (19. cxb5 $17 Nxd1 20. bxa6) 19... Qb4+ $19 20. Kf1 Rae8 $2 (20... Qb2 $19 {aiming for ...Rae8.} 21. Kg1 Qe5) 21. Kg1 $2 {[%mdl 8192]} (21. Nxh7 $1 $11 {and White stays safe.} Kxh7 22. hxg6+ Kg7 23. Rh7+ Kxg6 24. Kg1) 21... Qa3 ({Worse is} 21... Rxe3 22. Nxh7 $1 {[%mdl 512]} Re1+ 23. Qxe1 $16) ({Stronger than} 21... Bxc4 22. hxg6 fxg6 23. Nxh7 $11) 22. Rh3 {With the idea hxg6.} Rxe3 23. Nf3 Bb7 ({Weaker is} 23... Qxa2 24. hxg6 fxg6 25. Qd5+ Rf7 {[#]} 26. Rxh7 $1 $15 {[%mdl 512]}) 24. Rb1 Bxf3 25. gxf3 $2 (25. Rxf3 {was called for.} Rxf3 26. Qxf3 Qxa2 27. Rc1) 25... Qxa2 {Black is clearly winning.} 26. hxg6 hxg6 27. Rb7 Rfe8 {Accuracy: White = 30%, Black = 77%.} 0-1

[Event "Chess House GM December 2019"]
[Site "Aarhus"]
[Date "2019.12.15"]
[Round "6.5"]
[White "Ochsner, Bjorn Moller"]
[Black "Vasli, Aref"]
[Result "0-1"]
[WhiteElo "2492"]
[BlackElo "2413"]
[Annotator "TA"]
[PlyCount "88"]
[EventDate "2019.12.11"]
[EventType "tourn"]
[EventCountry "DEN"]
[SourceTitle "playchess.com"]
[Source "ChessBase"]
[SourceQuality "1"]

{[%evp 19,88,20,10,5,24,25,16,12,63,58,56,62,58,18,15,0,0,0,14,0,32,-163,-162,-561,-521,-585,-577,-577,-566,-547,-580,-568,-570,-512,-385,-387,-400,-382,-377,-463,-395,-460,-440,-462,-463,-458,-354,-461,-442,-457,-448,-426,-435,-418,-400,-526,-489,-693,-696,-645,-670,-1160,-1140,-1216,-1157,-2852,-2630,-6532,-5966,-12837,-2621]} 1. e4 e5 2. Nf3 Nc6 3. Bb5 a6 4. Ba4 Nf6 5. O-O Be7 6. Re1 b5 7. Bb3 d6 8. c3 O-O 9. d4 Bg4 10. Be3 Bh5 11. h3 {C91: Closed Ruy Lopez: 7...d6 8 c3 0-0 9 d4} Na5 ({But not} 11... Nxe4 $2 12. Bd5 $18) (11... exd4 12. cxd4 d5 13. e5 Ne4 14. Nbd2 a5 15. Qb1 Nxd2 16. Nxd2 Nb4 17. f4 a4 18. Bd1 Bxd1 19. Rxd1 {1-0 (57) Nepomniachtchi,I (2773)-Ding,L (2805) Abidjan 2019}) 12. dxe5 dxe5 13. Qxd8 {[#] The position is equal.} Bxd8 $146 (13... Raxd8 $11 14. Nbd2 Nd7) ({Predecessor:} 13... Raxd8 14. Nxe5 Bd6 15. Nd3 Nxe4 16. Nf4 Bg6 17. Nxg6 hxg6 18. Bc2 Rfe8 {½-½ (53) Rasulov,V (2514)-Kovalenko,I (2650) Baku 2014}) 14. Nxe5 $14 Nxb3 15. axb3 Nxe4 16. Bd4 f5 17. Nc6 Bh4 18. b4 Rfe8 19. g3 Re6 20. Na7 $2 {[#]} (20. Nd2 $14 {stays ahead.}) 20... Rg6 $1 $19 21. Nxb5 $2 {[#]} (21. Kf1 {is more resistant.} Bxg3 22. fxg3 Nxg3+ 23. Kf2 Ne4+ 24. Kf1) 21... Nxg3 $1 22. fxg3 Rxg3+ {[%mdl 64] Double Attack} 23. Kh2 Bf3 24. Rg1 Re8 {( -> ...Re2+)} ({Not} 24... Rxg1 25. Kxg1 axb5 26. Rxa8+ Bxa8 27. Na3 $17) 25. Be5 Rxg1 26. Kxg1 Rxe5 27. Nd2 Bb7 ({And not} 27... Rxb5 28. Nxf3 Be7 29. Rxa6 $11) 28. Nd4 Re3 29. Kf1 f4 30. b5 axb5 31. Nf5 Rxh3 {aiming for ...Rh1+.} 32. Ra7 Rh1+ 33. Ke2 Rh2+ 34. Kd3 Rh3+ 35. Kc2 Bg2 36. Rxc7 Bf6 37. Nd6 {Rc8+ would kill now.} h5 {Black is clearly winning.} 38. Rc5 (38. c4 $142 Re3 39. Rc8+ Kh7 40. Rb8) 38... Be7 39. Rc8+ Kh7 40. Nxb5 Re3 41. Nd4 h4 42. Nc4 h3 43. Nxe3 fxe3 44. Re8 Be4+ {Accuracy: White = 46%, Black = 84%.} 0-1

[Event "Chess House GM December 2019"]
[Site "Aarhus"]
[Date "2019.12.15"]
[Round "7.1"]
[White "Olsen, Filip Boe"]
[Black "Danielsen, Henrik"]
[Result "1/2-1/2"]
[WhiteElo "2341"]
[BlackElo "2500"]
[Annotator "ChessBase"]
[PlyCount "65"]
[EventDate "2019.12.11"]
[EventType "tourn"]
[EventCountry "DEN"]
[SourceTitle "playchess.com"]
[Source "ChessBase"]
[SourceQuality "1"]
[TimeControl "40/5400+30:1800+30"]

1. d4 {[%emt 0:00:00]} g6 {[%emt 0:00:00]} 2. Nf3 {[%emt 0:00:00]} Bg7 {[%emt 0:00:00]} 3. c4 {[%emt 0:00:10]} c5 {[%emt 0:00:59]} 4. e4 {[%emt 0:02:12]} cxd4 {[%emt 0:03:21]} 5. Nxd4 {[%emt 0:00:58]} Nc6 {[%emt 0:00:07]} 6. Be3 {[%emt 0:03:10]} Nf6 {[%emt 0:00:16]} 7. Nc3 {[%emt 0:08:28]} O-O {[%emt 0:00:13]} 8. Be2 {[%emt 0:00:55]} d6 {[%emt 0:00:05]} 9. O-O {[%emt 0:01:24]} Bd7 {[%emt 0:00:07]} 10. h3 {[%emt 0:02:03]} Nxd4 {[%emt 0:01:41]} 11. Bxd4 {[%emt 0:00:22]} Bc6 {[%emt 0:00:07]} 12. Qc2 {[%emt 0:01:46]} a5 {[%emt 0:00:16]} 13. Rad1 {[%emt 0:05:28]} Nd7 {[%emt 0:00:22]} 14. Bxg7 {[%emt 0:00:10]} Kxg7 {[%emt 0:00:07]} 15. Bg4 {[%emt 0:00:13]} Ne5 {[%emt 0:03:28]} 16. c5 {[%emt 0:00:33]} Nxg4 {[%emt 0:05:29]} 17. hxg4 {[%emt 0:00:10]} Qc8 {[%emt 0:00:41]} 18. cxd6 {[%emt 0:00:12]} Qxg4 {[%emt 0:00:18]} 19. dxe7 {[%emt 0:00:20]} Rfe8 {[%emt 0:00:09]} 20. Nd5 {[%emt 0:00:22]} Bxd5 {[%emt 0:00:07]} 21. Qc3+ {[%emt 0:01:06]} Kg8 {[%emt 0:00:48]} 22. exd5 {[%emt 0:00:10]} Rxe7 {[%emt 0:00:05]} 23. Qf6 {[%emt 0:01:52]} Rd7 {[%emt 0:02:45]} 24. Rfe1 {[%emt 0:06:32]} Rad8 {[%emt 0:00:16]} 25. Rd4 {[%emt 0:01:57]} Qh5 {[%emt 0:02:38]} 26. Rde4 {[%emt 0:00:44]} Rf8 {[%emt 0:02:16]} 27. Re8 {[%emt 0:02:27]} Qh6 {[%emt 0:00:02]} 28. R1e7 {[%emt 0:02:36]} Rxe7 {[%emt 0:01:57]} 29. Qxe7 {[%emt 0:02:35]} Qc1+ {[%emt 0:00:23]} 30. Kh2 {[%emt 0:03:47]} Qf4+ {[%emt 0:00:20]} 31. Kg1 {[%emt 0:06:17]} Qc1+ {[%emt 0:00:01]} 32. Kh2 {[%emt 0:02:14]} Qf4+ {[%emt 0:00:02]} 33. Kg1 {[%emt 0:00:57]} 1/2-1/2

[Event "Chess House GM December 2019"]
[Site "Aarhus"]
[Date "2019.12.15"]
[Round "7.2"]
[White "Svane, Frederik"]
[Black "Thybo, Jesper Sondergaard"]
[Result "0-1"]
[WhiteElo "2398"]
[BlackElo "2576"]
[Annotator "ChessBase"]
[PlyCount "74"]
[EventDate "2019.12.11"]
[EventType "tourn"]
[EventCountry "DEN"]
[SourceTitle "playchess.com"]
[Source "ChessBase"]
[SourceQuality "1"]
[TimeControl "40/5400+30:1800+30"]

1. e4 {[%emt 0:00:00]} c5 {[%emt 0:00:00]} 2. Nf3 {[%emt 0:00:00]} d6 {[%emt 0:00:00]} 3. Bb5+ {[%emt 0:00:06]} Nd7 {[%emt 0:00:00]} 4. d4 {[%emt 0:00:06]} cxd4 {[%emt 0:00:00]} 5. Qxd4 {[%emt 0:00:06]} a6 {[%emt 0:00:09]} 6. Bxd7+ {[%emt 0:00:08]} Bxd7 {[%emt 0:00:05]} 7. Nc3 {[%emt 0:00:13]} Nf6 {[%emt 0:00:59]} 8. Bg5 {[%emt 0:01:42]} e6 {[%emt 0:10:09]} 9. O-O {[%emt 0:12:22]} h6 {[%emt 0:01:42]} 10. Bh4 {[%emt 0:01:12]} e5 {[%emt 0:06:49]} 11. Qd3 {[%emt 0:03:02]} g5 {[%emt 0:00:29]} 12. Bg3 {[%emt 0:00:05]} Be7 {[%emt 0:01:54]} 13. Nd2 {[%emt 0:03:50]} b5 {[%emt 0:01:24]} 14. Rfd1 {[%emt 0:04:59]} Rc8 {[%emt 0:04:08]} 15. Nf1 {[%emt 0:21:46]} h5 {[%emt 0:06:22]} 16. f3 {[%emt 0:09:10]} b4 {[%emt 0:00:45]} 17. Nd5 {[%emt 0:02:37]} Nxd5 {[%emt 0:00:19]} 18. Qxd5 {[%emt 0:00:06]} Rxc2 {[%emt 0:03:41]} 19. Qb3 {[%emt 0:10:38]} Qb6+ {[%emt 0:31:56]} 20. Kh1 {[%emt 0:00:04]} Re2 {[%emt 0:00:57]} 21. Be1 {[%emt 0:07:32]} h4 {[%emt 0:13:37]} 22. Qxb4 {[%emt 0:02:40]} Bb5 {[%emt 0:04:43]} 23. a4 {[%emt 0:06:43]} h3 {[%emt 0:00:04]} 24. gxh3 {[%emt 0:00:03]} d5 {[%emt 0:00:12]} 25. Qc3 {[%emt 0:07:09]} Qe6 {[%emt 0:00:18]} 26. Rac1 {[%emt 0:02:31]} Bc4 {[%emt 0:01:35]} 27. f4 {[%emt 0:01:50]} gxf4 {[%emt 0:01:58]} 28. Rd2 {[%emt 0:02:31]} Qxh3 {[%emt 0:04:49]} 29. Qxh3 {[%emt 0:00:36]} Rxh3 {[%emt 0:00:04]} 30. Rxe2 {[%emt 0:00:39]} Bxe2 {[%emt 0:00:04]} 31. Kg2 {[%emt 0:00:08]} Rb3 {[%emt 0:02:31]} 32. exd5 {[%emt 0:00:07]} Rxb2 {[%emt 0:02:49]} 33. Bc3 {[%emt 0:00:05]} Bxf1+ {[%emt 0:00:27]} 34. Kxf1 {[%emt 0:00:01]} Rxh2 {[%emt 0:00:06]} 35. Be1 {[%emt 0:00:18]} e4 {[%emt 0:00:47]} 36. Rc8+ {[%emt 0:00:37]} Kd7 {[%emt 0:00:03]} 37. Ra8 {[%emt 0:00:04]} Rh1+ {[%emt 0:00:16]} 0-1